000 00331 a2200109 4500
001 ART_13850
005 20260410161911.0
008 260409a
245 1 0 _aRelative deprivation and economic welfare
100 1 _aYitzhaki, Shlomo
773 0 _tEuropean economic review
_g- Vol. 17, NÂș 1 (ene. 1982)
_wREV13346
999 _c26837
_d26837